[Event "RUS SFO-ch"]
[Site "Zheleznogorsk"]
[Date "2016.02.20"]
[Round "8"]
[White "Shmakov, DN."]
[Black "Remizov, Juri"]
[Result "1-0"]
[WhiteElo "2354"]
[BlackElo "2114"]
[PlyCount "73"]
[EventDate "2016.02.13"]
[EventType "swiss"]
[EventRounds "9"]
[EventCountry "RUS"]
[SourceTitle "CBM 171 Extra"]
[Source "ChessBase"]
[SourceDate "2016.04.26"]
[SourceVersion "1"]
[SourceVersionDate "2016.04.26"]
[SourceQuality "1"]

1. e4 a6 2. g3 b5 3. Bg2 Bb7 4. d3 g6 5. f4 Bg7 6. Nf3 c5 7. 0-0 e6 8. Nc3 Ne7 9. Be3 Qc7 10. e5 Nd5 11. Nxd5 Bxd5 12. c4 bxc4 13. dxc4 Bxc4 14. Rf2 Bd5 15. Rc1 0-0 16. Rxc5 Qb7 17. h4 Nc6 18. Rxd5 exd5 19. Qxd5 Qb5 20. Rd2 Qxd5 21. Rxd5 Rab8 22. b3 Nb4 23. Rd2 Rfc8 24. Ba7 Rb7 25. Bf2 Rc2 26. a3 Rc1+ 27. Ne1 Nc6 28. Bd5 Bf8 29. Kg2 Bxa3 30. Nf3 h6 31. h5 Kg7 32. hxg6 fxg6 33. f5 Bc5 34. f6+ Kh7 35. Bxc6 dxc6 36. Bxc5 Rxc5 37. e6 1-0

[Event "RUS SFO-ch"]
[Site "Zheleznogorsk"]
[Date "2016.02.15"]
[Round "3"]
[White "Remizov, Juri"]
[Black "Safronov, Yuri"]
[Result "1-0"]
[WhiteElo "2114"]
[BlackElo "2190"]
[PlyCount "103"]
[EventDate "2016.02.13"]
[EventType "swiss"]
[EventRounds "9"]
[EventCountry "RUS"]
[SourceTitle "CBM 171 Extra"]
[Source "ChessBase"]
[SourceDate "2016.04.26"]
[SourceVersion "1"]
[SourceVersionDate "2016.04.26"]
[SourceQuality "1"]

1. b4 e5 2. a3 d5 3. Bb2 f6 4. e4 Be6 5. f4 exf4 6. Nh3 Bd6 7. exd5 Bxd5 8. c4 Qe7+ 9. Kf2 Bf7 10. c5 Bxc5+ 11. bxc5 Qxc5+ 12. d4 Qd6 13. Bb5+ c6 14. Re1+ Ne7 15. a4 cxb5 16. axb5 0-0 17. Ba3 Qb6 18. Bxe7 Re8 19. Nc3 g5 20. Bc5 Qd8 21. Rxe8+ Qxe8 22. Qe2 Qc8 23. Ne4 Nd7 24. Rc1 Qe8 25. Nd6 Qxe2+ 26. Kxe2 Bd5 27. g3 f3+ 28. Kd3 h5 29. Nf2 b6 30. Bb4 a6 31. Rc7 Nf8 32. Nde4 Bxe4+ 33. Nxe4 Nh7 34. Be7 axb5 35. d5 f5 36. Nxg5 Nxg5 37. Bxg5 Ra3+ 38. Kd2 Ra2+ 39. Ke1 Ra1+ 40. Kf2 Rd1 41. Rd7 b4 42. Kxf3 b3 43. Bf6 Rd2 44. Rb7 Rxd5 45. Rxb6 Kf7 46. Kf4 Rd2 47. Be5 Rxh2 48. Kxf5 h4 49. Rb7+ Kf8 50. Ke6 Kg8 51. gxh4 Rxh4 52. Rb8+ 1-0

[Event "Ulan-Ude Bajkal op 9th"]
[Site "Ulan-Ude"]
[Date "2013.07.04"]
[Round "4"]
[White "Remizov, Juri"]
[Black "Agibileg, Uurtsaikh"]
[Result "1-0"]
[WhiteElo "2147"]
[BlackElo "1720"]
[PlyCount "129"]
[EventDate "2013.07.01"]
[EventType "swiss"]
[EventRounds "9"]
[EventCountry "RUS"]
[SourceTitle "EXT 2014"]
[Source "ChessBase"]
[SourceDate "2013.11.20"]
[SourceVersion "1"]
[SourceVersionDate "2013.11.20"]
[SourceQuality "1"]

1. e4 c5 2. Nf3 e6 3. c3 Nf6 4. Bd3 Nc6 5. 0-0 Be7 6. Bc2 0-0 7. Re1 d5 8. e5 Nd7 9. d4 Re8 10. a3 Nf8 11. b4 b6 12. Nbd2 Bd7 13. Nf1 Rc8 14. Be3 Qc7 15. Bd3 Nd8 16. Qd2 a5 17. Rec1 axb4 18. axb4 Nc6 19. bxc5 bxc5 20. Bg5 Bxg5 21. Qxg5 h6 22. Qg4 c4 23. Bc2 Nh7 24. Ng3 f5 25. exf6 Nxf6 26. Qh4 Rf8 27. Re1 Ra8 28. Rac1 Ra3 29. Ne5 Nxe5 30. dxe5 Nh7 31. Qg4 Qa7 32. Rf1 Ra6 33. Ne2 Re8 34. Nd4 Ra3 35. h4 Nf8 36. Qg3 Kh8 37. Bb1 Rb8 38. Kh2 Qc7 39. f4 Ra6 40. Qe3 Re8 41. Kh1 Qd8 42. Qh3 Qc8 43. g4 Qd8 44. g5 g6 45. gxh6 Re7 46. Qg4 Rh7 47. Qg5 Qxg5 48. fxg5 Kg8 49. h5 Be8 50. Rxf8+ Kxf8 51. Bxg6 Bxg6 52. hxg6 Rb7 53. Rf1+ Kg8 54. g7 Rb8 55. Rf8+ Rxf8 56. gxf8Q+ Kxf8 57. g6 Kg8 58. Kg2 Ra2+ 59. Kg3 Ra1 60. Kg4 Rg1+ 61. Kh5 Rg3 62. Nxe6 Rxc3 63. h7+ Kh8 64. Ng5 Rc1 65. Nf7+ 1-0

[Event "Moscow op-B"]
[Site "Moscow"]
[Date "2009.11.20"]
[Round "1"]
[White "Lev, Nikolay"]
[Black "Remizov, Juri"]
[Result "0-1"]
[WhiteElo "1846"]
[BlackElo "2174"]
[PlyCount "68"]
[EventDate "2009.01.31"]
[EventType "swiss"]
[EventRounds "9"]
[EventCountry "RUS"]
[SourceTitle "EXT 2012"]
[Source "ChessBase"]
[SourceDate "2011.11.24"]
[SourceVersion "1"]
[SourceVersionDate "2011.11.24"]
[SourceQuality "1"]

1. d4 f5 2. Bf4 Nf6 3. Nf3 d6 4. h3 c6 5. e3 h6 6. Bd3 g5 7. Bh2 Nbd7 8. Bxf5 Qa5+ 9. Nbd2 Qxf5 10. c3 e5 11. dxe5 Nxe5 12. Nxe5 dxe5 13. Nf3 e4 14. Nd4 Qd5 15. Qc2 Bd7 16. a3 c5 17. Ne2 Bb5 18. Rd1 Bd3 19. Qa4+ Qd7 20. Qb3 c4 21. Qa2 Qa4 22. Nd4 0-0-0 23. b3 cxb3 24. Nxb3 Qxa3 25. Ra1 Qxa2 26. Rxa2 Bc4 27. Rb2 Ba3 28. Rb1 Bd3 29. Rd1 Bb2 30. Be5 Nd5 31. Rxd3 exd3 32. Bxh8 Rxh8 33. 0-0 Nxc3 34. Nd2 b5 0-1

[Event "Moscow op-B"]
[Site "Moscow"]
[Date "2009.02.05"]
[Round "6"]
[White "Remizov, Juri"]
[Black "Petrov, Artur"]
[Result "0-1"]
[WhiteElo "2174"]
[BlackElo "2253"]
[PlyCount "66"]
[EventDate "2009.01.31"]
[EventType "swiss"]
[EventRounds "9"]
[EventCountry "RUS"]
[SourceTitle "EXT 2012"]
[Source "ChessBase"]
[SourceDate "2011.11.24"]
[SourceVersion "1"]
[SourceVersionDate "2011.11.24"]
[SourceQuality "1"]

1. e4 e6 2. d4 d5 3. e5 c5 4. c3 Qb6 5. Nf3 Bd7 6. Na3 Nc6 7. Be2 cxd4 8. cxd4 Bb4+ 9. Kf1 Rc8 10. Nc2 Bf8 11. g3 Na5 12. Na3 Bxa3 13. bxa3 Bb5 14. Kg2 Bxe2 15. Qxe2 Nc4 16. Qd3 Ne7 17. Bd2 a5 18. Rab1 Qa6 19. a4 h6 20. Rb5 0-0 21. Nh4 Rc7 22. Rc1 Rfc8 23. Kh3 Nc6 24. f4 Nb6 25. Qb3 Nxd4 26. Rxb6 Nxb3 27. Rxa6 Nxc1 28. Rxa5 Nxa2 29. Nf3 Nc3 30. Nd4 Ne4 31. Be3 Rc3 32. Bg1 Rc1 33. Be3 Re1 0-1

[Event "Moscow op-B"]
[Site "Moscow"]
[Date "2009.02.03"]
[Round "4"]
[White "Remizov, Juri"]
[Black "Basencyan, Mark"]
[Result "1-0"]
[WhiteElo "2174"]
[BlackElo "1848"]
[PlyCount "61"]
[EventDate "2009.01.31"]
[EventType "swiss"]
[EventRounds "9"]
[EventCountry "RUS"]
[SourceTitle "EXT 2012"]
[Source "ChessBase"]
[SourceDate "2011.11.24"]
[SourceVersion "1"]
[SourceVersionDate "2011.11.24"]
[SourceQuality "1"]

1. e4 e5 2. Bc4 Be7 3. Qh5 g6 4. Qxe5 Nf6 5. d3 Nc6 6. Qg3 d5 7. exd5 Nd4 8. Bb3 Nf5 9. Qf3 Nh4 10. Qe2 0-0 11. Kf1 Nxd5 12. Nc3 Nxc3 13. bxc3 Bf6 14. Qd2 Qd6 15. d4 Qc6 16. f3 Re8 17. Kf2 Nf5 18. Qd3 Nd6 19. Ne2 Bf5 20. Qd2 Nc4 21. Qf4 Nd6 22. h4 Re7 23. Ba3 Rae8 24. Ng3 Qxc3 25. Rad1 Bxc2 26. Bxd6 cxd6 27. Bxc2 Qxc2+ 28. Rd2 Qc3 29. Rhd1 Bg7 30. Ne4 d5 31. Nxc3 1-0

[Event "Moscow op-B 04th"]
[Site "Moscow"]
[Date "2008.02.06"]
[Round "5"]
[White "Remizov, Juri"]
[Black "Denisov, Ivan"]
[Result "1-0"]
[WhiteElo "2232"]
[BlackElo "2113"]
[PlyCount "101"]
[EventDate "2008.02.02"]
[EventType "swiss"]
[EventRounds "9"]
[EventCountry "RUS"]
[SourceTitle "CBM 122 Extra"]
[Source "ChessBase"]
[SourceDate "2008.03.04"]
[SourceVersion "1"]
[SourceVersionDate "2008.03.04"]
[SourceQuality "1"]

1. c4 b6 2. d4 Nf6 3. Nc3 Bb7 4. f3 d6 5. e4 Nbd7 6. Be3 c6 7. Bd3 g6 8. Nh3 Bg7 9. Qd2 c5 10. d5 Ne5 11. Be2 h5 12. Nf2 Ba6 13. b3 Bc8 14. g3 Nh7 15. h3 f6 16. f4 Nf7 17. g4 h4 18. Nd3 f5 19. Bf3 fxg4 20. hxg4 Nf6 21. f5 g5 22. e5 dxe5 23. Ke2 e4 24. Nxe4 Nxe4 25. Bxe4 Bxa1 26. Rxa1 Qd6 27. Bxg5 Qh2+ 28. Nf2 Nd6 29. Bf3 Qe5+ 30. Qe3 Qxe3+ 31. Kxe3 a6 32. Rh1 b5 33. Be2 bxc4 34. bxc4 Rb8 35. Rxh4 Rxh4 36. Bxh4 Bxf5 37. Bg3 Bb1 38. Nd3 Nxc4+ 39. Kf3 Rb5 40. g5 Nd2+ 41. Ke3 c4 42. Nf4 Rb2 43. Bh5+ Kf8 44. Ne6+ Kg8 45. Be5 Nf1+ 46. Kd4 Bxa2 47. Be8 Rf2 48. g6 Rf5 49. Nd8 c3 50. Bf7+ Rxf7 51. gxf7+ 1-0

[Event "Sibiria Region-ch"]
[Site "Russia"]
[Date "2007.03.22"]
[Round "5"]
[White "Shirjaev, Alexandr"]
[Black "Remizov, Juri"]
[Result "1-0"]
[WhiteElo "2337"]
[BlackElo "2245"]
[PlyCount "53"]
[EventDate "2007.03.18"]
[EventType "swiss"]
[EventRounds "9"]
[EventCountry "RUS"]
[SourceTitle "EXT 2008"]
[Source "ChessBase"]
[SourceDate "2007.11.25"]
[SourceVersion "1"]
[SourceVersionDate "2007.11.25"]
[SourceQuality "1"]

1. e4 a6 2. Nf3 b5 3. d4 Bb7 4. Bd3 Nf6 5. Qe2 e6 6. 0-0 c5 7. c3 Be7 8. e5 Nd5 9. dxc5 Bxc5 10. a4 b4 11. c4 Ne7 12. Nbd2 Ng6 13. Ne4 Qc7 14. Nxc5 Qxc5 15. Be4 Bxe4 16. Qxe4 Qc6 17. Qe2 Qc7 18. b3 0-0 19. Rd1 Nc6 20. Bb2 Rad8 21. Rd6 Nge7 22. Rad1 Nc8 23. R6d3 d6 24. Qe4 dxe5 25. Nxe5 Na5 26. Nd7 Ne7 27. Nxf8 1-0

[Event "Benidorm Bali op-A"]
[Site "Benidorm"]
[Date "2003.11.26"]
[Round "7"]
[White "Remizov, Juri"]
[Black "Mihailovs, Jurijs"]
[Result "1-0"]
[WhiteElo "2255"]
[BlackElo "2152"]
[PlyCount "99"]
[EventDate "2003.11.21"]
[EventType "swiss"]
[EventRounds "9"]
[EventCountry "ESP"]
[SourceTitle "CBM 097 Extra"]
[Source "ChessBase"]
[SourceDate "2004.01.13"]
[SourceVersion "1"]
[SourceVersionDate "2004.01.13"]
[SourceQuality "1"]

1. e4 c5 2. Nf3 e6 3. c3 d5 4. e5 Nc6 5. d4 Qb6 6. a3 Nh6 7. b4 cxb4 8. cxb4 Nf5 9. Bb2 Bd7 10. g4 Nh6 11. h3 f6 12. Nc3 fxe5 13. Na4 Qc7 14. Nxe5 Nxe5 15. dxe5 d4 16. Rc1 Qxe5+ 17. Be2 Bc6 18. Rxc6 bxc6 19. Bxd4 Qe4 20. f3 Qf4 21. Qd2 Qg3+ 22. Bf2 Qd6 23. Qc3 Nf7 24. Nc5 h5 25. Ne4 Qd7 26. g5 Nd6 27. Nc5 Qe7 28. Nxe6 Rc8 29. Nc5 Qxg5 30. Rg1 Qd5 31. Qe3+ Be7 32. Bd3 0-0 33. Qh6 Qe5+ 34. Kd2 Qb2+ 35. Kd1 Qa1+ 36. Kd2 Qb2+ 37. Bc2 Nc4+ 38. Ke1 Qc3+ 39. Kf1 Bxc5 40. Qh7+ Kf7 41. Qg6+ Kg8 42. Qh7+ Kf7 43. Rxg7+ Qxg7 44. Bg6+ Kf6 45. Bh4+ Ke6 46. Qxg7 Rxf3+ 47. Kg2 Rcf8 48. bxc5 Ne3+ 49. Kg1 Rf1+ 50. Kh2 1-0

[Event "Benidorm Bali op-A"]
[Site "Benidorm"]
[Date "2003.11.25"]
[Round "6"]
[White "Gimeno Martos, Roberto"]
[Black "Remizov, Juri"]
[Result "0-1"]
[WhiteElo "2131"]
[BlackElo "2255"]
[PlyCount "112"]
[EventDate "2003.11.21"]
[EventType "swiss"]
[EventRounds "9"]
[EventCountry "ESP"]
[SourceTitle "CBM 097 Extra"]
[Source "ChessBase"]
[SourceDate "2004.01.13"]
[SourceVersion "1"]
[SourceVersionDate "2004.01.13"]
[SourceQuality "1"]

1. e4 a6 2. d4 b5 3. Nf3 Bb7 4. Bd3 Nf6 5. Qe2 e6 6. a4 c5 7. axb5 axb5 8. Rxa8 Bxa8 9. dxc5 b4 10. Bf4 Bxc5 11. Nbd2 Be7 12. 0-0 Nc6 13. Nc4 d5 14. exd5 Nxd5 15. Bg3 0-0 16. Rd1 Bf6 17. Be4 g6 18. Qd3 Re8 19. h3 Kg7 20. Nce5 Nxe5 21. Nxe5 Qc8 22. Ra1 Re7 23. Ra5 Bb7 24. Nc4 Ba6 25. b3 Nc3 26. Qe3 Bxc4 27. Rc5 Ne2+ 28. Kh2 Qd7 29. Rxc4 Qd1 30. f3 Nxg3 31. Kxg3 Qd6+ 32. Kf2 Rd7 33. Bd3 Bd4 34. Qxd4+ Qxd4+ 35. Rxd4 Rxd4 36. Ke3 Rd6 37. g4 Kf6 38. f4 h6 39. h4 Rd5 40. Be2 Ke7 41. Bd3 Kd6 42. Be2 e5 43. Bc4 exf4+ 44. Kxf4 Rd4+ 45. Ke3 Rxg4 46. Bxf7 Ke5 47. h5 gxh5 48. Bxh5 Rg3+ 49. Kf2 Kf4 50. Be2 Rh3 51. Kg2 Rc3 52. Bd1 Ke3 53. Bg4 Rxc2+ 54. Kf1 Rf2+ 55. Kg1 Rb2 56. Be6 Kd4 0-1

[Event "Benidorm Bali op-A"]
[Site "Benidorm"]
[Date "2003.11.22"]
[Round "2"]
[White "Martin Martin, Luis Vicente"]
[Black "Remizov, Juri"]
[Result "1-0"]
[WhiteElo "2168"]
[BlackElo "2255"]
[PlyCount "47"]
[EventDate "2003.11.21"]
[EventType "swiss"]
[EventRounds "9"]
[EventCountry "ESP"]
[SourceTitle "CBM 097 Extra"]
[Source "ChessBase"]
[SourceDate "2004.01.13"]
[SourceVersion "1"]
[SourceVersionDate "2004.01.13"]
[SourceQuality "1"]

1. e4 d5 2. exd5 Qxd5 3. Nc3 Qa5 4. Bc4 Nf6 5. d4 Nc6 6. Nf3 Bg4 7. Be3 e6 8. 0-0 Bd6 9. Nb5 0-0-0 10. Nxd6+ Rxd6 11. Be2 Qh5 12. h3 e5 13. hxg4 Nxg4 14. Nh4 Nxe3 15. Bxh5 Nxd1 16. Raxd1 Nxd4 17. c3 Rh6 18. Bg4+ Kb8 19. Nf5 Nxf5 20. Bxf5 Ra6 21. Bb1 Rd6 22. Rfe1 g6 23. Rd3 Rhd8 24. Rxe5 1-0

[Event "Benidorm Bali op-A"]
[Site "Benidorm"]
[Date "2003.11.21"]
[Round "1"]
[White "Remizov, Juri"]
[Black "Vazquez Gonzalez, Francisco"]
[Result "1-0"]
[WhiteElo "2255"]
[BlackElo "2123"]
[PlyCount "71"]
[EventDate "2003.11.21"]
[EventType "swiss"]
[EventRounds "9"]
[EventCountry "ESP"]
[SourceTitle "CBM 097 Extra"]
[Source "ChessBase"]
[SourceDate "2004.01.13"]
[SourceVersion "1"]
[SourceVersionDate "2004.01.13"]
[SourceQuality "1"]

1. e4 e5 2. Nf3 Nc6 3. Bc4 Nf6 4. Ng5 d5 5. exd5 b5 6. Bf1 Nxd5 7. Bxb5 Bb7 8. Qf3 Qd7 9. Nc3 Nxc3 10. bxc3 Bc5 11. Rb1 0-0 12. Bd3 e4 13. Bxe4 Qe7 14. Qh5 h6 15. Rxb7 f5 16. Rxc7 Qxc7 17. Bd5+ Kh8 18. Qg6 Qe7+ 19. Kd1 Qxg5 20. Qxg5 hxg5 21. Bxc6 Rab8 22. d4 Bd6 23. g3 Rfc8 24. Bd5 Rxc3 25. Bxg5 Rb2 26. Bb3 Rb1+ 27. Bc1 Ba3 28. Kd2 Rf3 29. Ke2 Rc3 30. Bxa3 Rxh1 31. d5 Rc8 32. Be7 Rc1 33. Kd2 Rb1 34. d6 Rxb3 35. axb3 Rc5 36. c4 1-0

[Event "Moscow Aeroflot op-B"]
[Site "Moscow"]
[Date "2003.02.13"]
[Round "3"]
[White "Remizov, Juri"]
[Black "Papadopoulou, Vera"]
[Result "0-1"]
[WhiteElo "2270"]
[BlackElo "2210"]
[PlyCount "62"]
[EventDate "2003.02.10"]
[EventType "swiss"]
[EventRounds "9"]
[EventCountry "RUS"]
[SourceTitle "CBM 094"]
[Source "ChessBase"]
[SourceDate "2003.05.26"]
[SourceVersion "1"]
[SourceVersionDate "2003.05.26"]
[SourceQuality "1"]

1. c4 Nf6 2. Nc3 c5 3. g3 g6 4. Bg2 Bg7 5. e3 0-0 6. d4 d6 7. Nge2 Nc6 8. h3 Bd7 9. 0-0 a6 10. b3 Rb8 11. d5 Na5 12. Qd3 b5 13. cxb5 axb5 14. Rb1 b4 15. Nd1 Bb5 16. Qc2 Qb6 17. a4 Ba6 18. Nb2 Nxb3 19. Qxb3 Bxe2 20. Re1 Ba6 21. Nc4 Bxc4 22. Qxc4 Nd7 23. Bb2 Bxb2 24. Rxb2 Ne5 25. Qe4 f5 26. Qc2 c4 27. Reb1 b3 28. Qd1 Rfc8 29. Bf1 c3 30. Rxb3 Qxb3 31. Rxb3 Rxb3 0-1

[Event "Chalkidiki White Tower op"]
[Site "Chalkidiki"]
[Date "2000.10.07"]
[Round "5"]
[White "Shavtvaladze, Nikoloz"]
[Black "Remizov, Juri"]
[Result "1/2-1/2"]
[WhiteElo "2314"]
[BlackElo "2266"]
[PlyCount "135"]
[EventDate "2000.10.03"]
[EventType "swiss"]
[EventRounds "7"]
[EventCountry "GRE"]
[SourceTitle "EXT 2001"]
[Source "ChessBase"]
[SourceDate "2000.11.22"]
[SourceVersion "1"]
[SourceVersionDate "2000.11.22"]
[SourceQuality "1"]

1. e4 a6 2. d4 b5 3. Bd3 Bb7 4. Nf3 Nf6 5. Qe2 e6 6. Bg5 c5 7. c3 cxd4 8. cxd4 h6 9. Bh4 Be7 10. a4 Nc6 11. axb5 Nb4 12. Bxf6 Bxf6 13. bxa6 Nxd3+ 14. Qxd3 Qb6 15. 0-0 Bxa6 16. Qd2 0-0 17. Rc1 Rfb8 18. Rc2 Bb7 19. Rxa8 Rxa8 20. e5 Be7 21. h3 Be4 22. Rc1 Ra1 23. Nc3 Rxc1+ 24. Qxc1 Bxf3 25. gxf3 Qxd4 26. Qe1 Bc5 27. Kg2 Bb6 28. Qe3 Qxe3 29. fxe3 Bxe3 30. Ne2 g5 31. b4 Kf8 32. Kg3 Ke7 33. h4 f5 34. exf6+ Kxf6 35. hxg5+ hxg5 36. b5 Ke5 37. Nc3 d5 38. Kg4 Kd6 39. Na4 d4 40. b6 Kc6 41. Kh5 d3 42. Nb2 d2 43. Kg6 Bf4 44. Kf6 e5 45. Kf5 Kxb6 46. Ke4 Kc5 47. Kd3 Kd5 48. Nd1 Ke6 49. Nc3 Kf5 50. Ke2 Kg6 51. Ne4 Kf5 52. Nc5 Be3 53. Ne4 Kf4 54. Nc3 Bc5 55. Ne4 Bb4 56. Nf2 Ba5 57. Nd3+ Kf5 58. Nf2 Bb6 59. Ne4 Be3 60. Nc3 Bf4 61. Kd1 Kg6 62. Ke2 Kh5 63. Ne4 Kh4 64. Nxd2 Bxd2 65. Kxd2 Kh3 66. Kd3 Kh2 67. Kd2 Kh1 68. Kd1 1/2-1/2

[Event "Pardubice Czech op"]
[Site "Pardubice"]
[Date "1998.??.??"]
[Round "2"]
[White "Polak, Petr"]
[Black "Remizov, Juri"]
[Result "1-0"]
[WhiteElo "2170"]
[BlackElo "2275"]
[PlyCount "120"]
[EventDate "1998.07.??"]
[EventType "swiss"]
[EventRounds "9"]
[EventCountry "CZE"]
[SourceTitle "EXT 2000"]
[Source "ChessBase"]
[SourceDate "1999.11.16"]
[SourceVersion "1"]
[SourceVersionDate "1999.11.16"]
[SourceQuality "1"]

1. d4 f5 2. c4 Nf6 3. Nc3 d6 4. Nf3 c6 5. g3 Qc7 6. Bg2 e5 7. dxe5 dxe5 8. 0-0 Be6 9. e4 fxe4 10. Nd2 e3 11. fxe3 Nbd7 12. b3 0-0-0 13. Nce4 Be7 14. Qe2 Qb6 15. Rb1 a5 16. a3 Nc5 17. b4 axb4 18. axb4 Nfxe4 19. Nxe4 Nd3 20. Ba3 Bxc4 21. Nc5 Kb8 22. Qg4 Bxc5 23. bxc5 Qa6 24. Rb6 Qxa3 25. Qxc4 Qxc5 26. Qb3 Qxe3+ 27. Kh1 Nf2+ 28. Rxf2 Qxb3 29. Rxb3 Rd1+ 30. Rf1 Rhd8 31. Kg1 Kc7 32. Rbf3 Rxf1+ 33. Kxf1 Rd7 34. Bh3 Re7 35. Ke2 b5 36. Ke3 g6 37. Ke4 b4 38. Rd3 Kb6 39. Rb3 Ka5 40. Bf1 Rf7 41. Bc4 Rf2 42. h4 Rc2 43. Bg8 c5 44. Bxh7 c4 45. Rb1 Rg2 46. Kf3 Rh2 47. Bxg6 b3 48. h5 e4+ 49. Kxe4 Kb4 50. Kf4 c3 51. g4 Rf2+ 52. Kg5 b2 53. h6 Ka3 54. h7 Rh2 55. Bf5 Ka2 56. Kg6 Rh4 57. g5 Rh2 58. Kg7 Rh5 59. h8Q Rxg5+ 60. Kf6 Rxf5+ 1-0

[Event "Pardubice Czech op"]
[Site "Pardubice"]
[Date "1998.??.??"]
[Round "1"]
[White "Remizov, Juri"]
[Black "Jaracz, Pawel"]
[Result "0-1"]
[WhiteElo "2160"]
[BlackElo "2480"]
[PlyCount "80"]
[EventDate "1998.07.??"]
[EventType "swiss"]
[EventRounds "9"]
[EventCountry "CZE"]
[SourceTitle "EXT 1999"]
[Source "ChessBase"]
[SourceDate "1998.11.16"]
[SourceVersion "1"]
[SourceVersionDate "1998.11.16"]
[SourceQuality "1"]

1. b4 d5 2. e3 e5 3. a3 Nf6 4. Bb2 Bd6 5. Nf3 Qe7 6. c4 dxc4 7. Bxc4 0-0 8. Be2 Nbd7 9. d4 c6 10. 0-0 e4 11. Nfd2 Nd5 12. b5 cxb5 13. Qb3 N7b6 14. Qxb5 Bd7 15. Qa5 Bc6 16. Nc4 Bc7 17. Nxb6 Nxb6 18. Qd2 f5 19. g3 Rf6 20. Nc3 Rd8 21. a4 f4 22. exf4 Bxf4 23. Qc2 e3 24. Nd1 Rh6 25. f3 Qg5 26. Bd3 Nd5 27. Qg2 Bc7 28. Nc3 Nxc3 29. Bxc3 Bb6 30. Rad1 Rhd6 31. Qb2 Kh8 32. a5 Bxa5 33. Bxa5 Qxa5 34. Be2 Qa4 35. Qc3 Rxd4 36. Ra1 Qb4 37. Qxe3 Re8 38. Qf2 Rd2 39. Rfe1 Qb2 40. Rad1 Rdxe2 0-1

[Event "Moscow-ch op"]
[Site "Moscow"]
[Date "1998.??.??"]
[Round "3"]
[White "Remizov, Juri"]
[Black "Urusov, Nikita"]
[Result "1-0"]
[WhiteElo "2160"]
[BlackElo "2290"]
[PlyCount "103"]
[EventDate "1998.??.??"]
[EventType "swiss"]
[EventRounds "9"]
[EventCountry "RUS"]
[SourceTitle "EXT 2000"]
[Source "ChessBase"]
[SourceDate "1999.11.16"]
[SourceVersion "1"]
[SourceVersionDate "1999.11.16"]
[SourceQuality "1"]

1. d4 Nf6 2. Nc3 d5 3. Bg5 Nbd7 4. Nf3 e6 5. e4 dxe4 6. Nxe4 Be7 7. Bxf6 Nxf6 8. Bd3 0-0 9. c3 Nxe4 10. Bxe4 c5 11. Qc2 h6 12. 0-0 cxd4 13. cxd4 Bf6 14. Rfd1 Qb6 15. Bh7+ Kh8 16. Ne5 Qd6 17. f4 Bd7 18. Be4 Rac8 19. Qf2 b6 20. h4 Kg8 21. g4 Qe7 22. g5 Bxe5 23. dxe5 Bc6 24. Bxc6 Rxc6 25. gxh6 g6 26. Rac1 Rxc1 27. Rxc1 Kh7 28. Qg3 Qb4 29. h5 Rg8 30. Rc7 Qf8 31. Kf2 gxh5 32. Qh4 Qxh6 33. Rxf7+ Kh8 34. Rxa7 Rc8 35. Ke3 Qg6 36. Qf6+ Qxf6 37. exf6 h4 38. Ke4 h3 39. Ra3 Kg8 40. Rxh3 Kf7 41. Rb3 Rc7 42. Ke5 Rc5+ 43. Kd6 Rd5+ 44. Kc6 Kxf6 45. Rb4 b5 46. Rxb5 Rd4 47. b4 Rxf4 48. a4 e5 49. a5 e4 50. a6 Ke6 51. a7 Rf8 52. Rb8 1-0

[Event "Decin op-A"]
[Site "Decin"]
[Date "1998.??.??"]
[Round "2"]
[White "Remizov, Juri"]
[Black "Virovlansky, Semen"]
[Result "0-1"]
[WhiteElo "2275"]
[BlackElo "2305"]
[PlyCount "114"]
[EventDate "1998.08.??"]
[EventType "swiss"]
[EventRounds "10"]
[EventCountry "CZE"]
[SourceTitle "EXT 2000"]
[Source "ChessBase"]
[SourceDate "1999.11.16"]
[SourceVersion "1"]
[SourceVersionDate "1999.11.16"]
[SourceQuality "1"]

1. e4 c5 2. Nf3 d6 3. c3 Nf6 4. h3 g6 5. Bd3 Bg7 6. Bc2 0-0 7. d4 cxd4 8. cxd4 Nc6 9. Nc3 e5 10. d5 Nd4 11. Be3 Nxc2+ 12. Qxc2 b5 13. b4 a5 14. Rb1 Bd7 15. 0-0 Rc8 16. Qd3 Rc4 17. Nd2 Rxb4 18. Rxb4 axb4 19. Nxb5 Qb8 20. Na7 Qb7 21. Qc4 Ra8 22. Nc6 Qa6 23. Qxa6 Rxa6 24. Nxb4 Ra4 25. Rb1 Bf8 26. Rb3 Ra8 27. f3 Rc8 28. Nb1 Be7 29. Nc3 Nh5 30. Nd3 f5 31. a4 Ng3 32. Nc1 Bd8 33. Bf2 Bxa4 34. Ra3 f4 35. N1a2 Be8 36. Ra6 Be7 37. Bxg3 fxg3 38. Kf1 Rb8 39. Nc1 Rb2 40. N1e2 Rb3 41. Ke1 h5 42. Kd2 h4 43. Kc2 Rb7 44. f4 exf4 45. Nxf4 g5 46. Nd3 Kg7 47. e5 dxe5 48. d6 Bf6 49. Nc5 Bg6+ 50. Kd2 Rb2+ 51. Ke3 g4 52. Ne6+ Kf7 53. d7 gxh3 54. d8Q Bxd8 55. Nxd8+ Kg7 56. Ne6+ Kh6 57. gxh3 g2 0-1

[Event "Pardubice Czech op"]
[Site "Pardubice"]
[Date "1998.??.??"]
[Round "7"]
[White "Remizov, Juri"]
[Black "Vorisek, Jaroslav"]
[Result "1/2-1/2"]
[WhiteElo "2275"]
[BlackElo "2210"]
[PlyCount "25"]
[EventDate "1998.07.??"]
[EventType "swiss"]
[EventRounds "9"]
[EventCountry "CZE"]
[SourceTitle "EXT 2000"]
[Source "ChessBase"]
[SourceDate "1999.11.16"]
[SourceVersion "1"]
[SourceVersionDate "1999.11.16"]
[SourceQuality "1"]

1. d4 f5 2. Nf3 Nf6 3. g3 d6 4. Bg2 g6 5. 0-0 Bg7 6. c4 c6 7. Nc3 0-0 8. b3 Qa5 9. Bb2 e5 10. dxe5 dxe5 11. e4 f4 12. Qd6 Ne8 13. Qa3 1/2-1/2

[Event "RUS-ch sf"]
[Site "Arkhangelsk"]
[Date "1996.??.??"]
[Round "?"]
[White "Remizov, Juri"]
[Black "Kharitonov, Andrei Y"]
[Result "1-0"]
[WhiteElo "2155"]
[BlackElo "2560"]
[PlyCount "101"]
[EventDate "1996.??.??"]
[EventType "swiss"]
[EventRounds "9"]
[EventCountry "RUS"]
[SourceTitle "EXT 2000"]
[Source "ChessBase"]
[SourceDate "1999.11.16"]
[SourceVersion "1"]
[SourceVersionDate "1999.11.16"]
[SourceQuality "1"]

1. e4 c5 2. Nf3 Nc6 3. d4 cxd4 4. Nxd4 Nf6 5. Nc3 e6 6. Nxc6 bxc6 7. e5 Nd5 8. Ne4 f5 9. exf6 Nxf6 10. Nd6+ Bxd6 11. Qxd6 Qb6 12. Bd3 c5 13. Bf4 Bb7 14. 0-0 Rc8 15. Qxb6 axb6 16. c4 0-0 17. Rfe1 Ng4 18. Bg3 Nh6 19. a3 Nf5 20. Be5 Nh4 21. f3 Ng6 22. Bd6 Rf6 23. b4 Rc6 24. Bg3 d5 25. b5 Rc8 26. a4 dxc4 27. Bxg6 Rxg6 28. a5 bxa5 29. Rxa5 Rf6 30. Ra7 Bd5 31. b6 Rf7 32. Bc7 h6 33. Kf2 Kh7 34. Rea1 c3 35. Rc1 c4 36. Rxc3 Rd7 37. Ke3 Kg6 38. Be5 Rxa7 39. bxa7 Rc5 40. Ra3 Ba8 41. f4 Kf7 42. g3 g6 43. Kd4 Rc6 44. Kc3 Ke8 45. Ra1 Rc8 46. g4 Kd7 47. Rd1+ Ke7 48. g5 hxg5 49. fxg5 Ke8 50. Rd4 Bb7 51. Rh4 1-0